| 000 | 00762nam a2200133Ia 4500 | ||
|---|---|---|---|
| 008 | 171212s9999 xx 000 0 und d | ||
| 020 | _a9780874216516 | ||
| 100 | _aMorgan, Dale L | ||
| 245 |
_cMorgan, Dale Leditor Saunders Jr., Richard;Smoak, Gregory _aShoshonean Peoples and the Overland Trail _bFrontiers of the Utah Superintendency of Indian Affairs, 1849–1869 |
||
| 260 |
_bUniversity Press of Colorado _c2007 |
||
| 650 | _aHistory | ||
| 650 | _aShoshoni Indians -- Government relations; Shoshoni Indians -- History; Shoshoni Indians -- Social conditions; United States. Office of Indian Affairs. Utah Superintendency -- History; Mormon Church -- History; Overland journeys to the Pacific; Oregon Nati | ||
| 856 | _uwww.jstor.org/stable/10.2307/j.ctt4cgn4q | ||
| 999 |
_c353174 _d353174 |
||